000 00972nam a2200313 4500
003 EG-GICUC
005 20260121101349.0
008 251126s1922 uk ||||fr|||| 001 0 eng d
040 _aEG-GiCUC
_beng
_cEG-GiCUC
_dEG-GiCUC
_erda
041 _aeng
082 0 4 _221
_a341.22
_bP O . L
092 0 4 _221
099 _aLaw1 11 341.22 P O . L 2 ed - 1922
100 1 _apollock, frederick
_eAuthor.
245 1 4 _aThe league Of Nations /
_cFrederick Pollock.
250 _aSecond Edition
264 1 _alondon :
_bstevens and sons,limited،
_c1922.
300 _a266 pages:
_c24 cm.
336 _2rda content
_atext
337 _2rda media
_aComputer
338 _2rda carrier
_aOnline Resource
504 _aBibliographic references
546 _aText in English
650 1 _aLeague of Nations
_xPublic international law
_2qrmak
651 1 _2qrmak
856 4 0 _uhttps://fll.law.cu.edu.eg/fulltext/bks/B11-06167.pdf
905 _a75
_eYara
942 _2ddc
_n0
_cBK
_e21
999 _c46301
_d46301